| 000 | 01088nam a22002297a 4500 | ||
|---|---|---|---|
| 003 | JO-AjAnu | ||
| 005 | 20250723112841.0 | ||
| 008 | 250723b jo ||||| |||| 00| 0 ara d | ||
| 020 | _a9789933914943 | ||
| 040 |
_aJO-AjAnu _bara _cJO-AjAnu _dJO-AjAnu _erda |
||
| 041 |
_aara _hara |
||
| 050 |
_aTS155 _b2012 |
||
| 100 | 1 |
_aمحسن، عبد الكريم _eمؤلف _966632 |
|
| 245 | 0 |
_aادارة الانتاج والعمليات = Production and Operations Management / _cتاليف عبد الكريم محسن، صباح مجيد النجار |
|
| 250 | _aالطبعة الرابعة مزيدة ومنقحة | ||
| 260 |
_aبغداد : _bدار الذاكرة للنشر والتوزيع، _c2012 |
||
| 300 | _a635 صفحة | ||
| 504 | _aيحتوي على قائمة مصادر | ||
| 650 | 7 | 0 |
_aادارة الانتاج-تخطيط الانتاج-بحوث العمليات-الطاقة-الجودة-ضبط الجودة-المصانع-تنظيم المصانع-التجهيز _966633 |
| 700 | 1 |
_aالنجار، صباح مجيد _eمؤلف مشارك _966634 |
|
| 942 |
_2lcc _cBK _n0 |
||
| 999 |
_c33964 _d33964 |
||